How we die : (Record no. 110730)

MARC details
000 -LEADER
campo de control de longitud fija 01644cam a2200421Ia 4500
001 - NÚMERO DE CONTROL
campo de control 55016
005 - FECHA Y HORA DE LA ÚLTIMA TRANSACCIÓN
campo de control 20230411090012.0
008 - DATOS DE LONGITUD FIJA--INFORMACIÓN GENERAL
campo de control de longitud fija 950112r19951994nyua 001 0 eng d
035 ## - NÚMERO DE CONTROL DEL SISTEMA
Número de control de sistema (OCoLC)ocm31806990
040 ## - FUENTE DE CATALOGACIÓN
Centro catalogador/agencia de origen BKL
Centro/agencia transcriptor BKL
Centro/agencia modificador EOS
-- VET
-- UIU
-- UBA
-- BAKER
-- YDXCP
-- BTCTA
020 ## - NÚMERO INTERNACIONAL ESTÁNDAR DEL LIBRO
Número Internacional Estándar del Libro 0679742441 :
Condiciones de disponibilidad $13.00
020 ## - NÚMERO INTERNACIONAL ESTÁNDAR DEL LIBRO
Número Internacional Estándar del Libro 9780679742449
029 1# - OTRO NÚMERO DE CONTROL DE SISTEMA (OCLC)
Identificador de la biblioteca OCLC YDXCP
Número de control de sistema 545523
035 ## - NÚMERO DE CONTROL DEL SISTEMA
Número de control de sistema (OCoLC)31806990
090 ## - LOCALMENTE ASIGNADO TIPO-LC NÚMERO DE CLASIFICACIÓN (OCLC); NÚMERO DE CLASIFICACIÓN LOCAL (RLIN)
Número de clasificación (OCLC) (R) ; Numero de clasificación, CALL (RLIN) (NR) BD444
Número cutter local (OCLC) ; Número de libro/Signatura topográfica íntegra, CALL (RLIN) .N969 1995
096 ## - ASIGNACIÓN LOCAL TIPO-NLM SIGNATURA TOPOGRÁFICA (OCLC)
Número de clasificación WT 116 N969 1995
092 0# - ASIGNACIÓN LOCAL DE SIGNATURA TOPOGRÁFICA DEWEY (OCLC)
Número de clasificación 616.078
Número de ítem N912h, 1995
Número de edición 20
049 ## - FONDOS LOCALES (OCLC)
Biblioteca depositaria GRAL
100 1# - ENTRADA PRINCIPAL--NOMBRE DE PERSONA
Nombre de persona Nuland, Sherwin B.
245 10 - MENCIÓN DEL TÍTULO
Título How we die :
Resto del título reflections on life's final chapter /
Mención de responsabilidad, etc. Sherwin B. Nuland.
250 ## - MENCION DE EDICION
Mención de edición 1st ed.
260 ## - PUBLICACIÓN, DISTRIBUCIÓN, ETC.
Lugar de publicación, distribución, etc. New York :
Nombre del editor, distribuidor, etc. Vintage Books,
Fecha de publicación, distribución, etc. 1995.
300 ## - DESCRIPCIÓN FÍSICA
Extensión xviii, 278 p. :
Otras características físicas ill. ;
Dimensiones 25 cm.
500 ## - NOTA GENERAL
Nota general Originally published: New York : Knopf, 1994.
500 ## - NOTA GENERAL
Nota general Includes index.
505 0# - NOTA DE CONTENIDO CON FORMATO
Nota de contenido con formato The strangled heart -- A valentine--and how it fails -- Three score and ten -- Doors to death of the aged -- Alzheimer's disease -- Murder and serenity -- Accidents, suicide, and euthanasia -- A story of AIDS -- The life of a virus and the death of a man -- The malevolence of cancer -- Hope and the cancer patient -- The lessons learned.
650 #0 - PUNTO DE ACCESO ADICIONAL DE MATERIA--TÉRMINO DE MATERIA
Término de materia o nombre geográfico como elemento de entrada Death.
650 #2 - PUNTO DE ACCESO ADICIONAL DE MATERIA--TÉRMINO DE MATERIA
Término de materia o nombre geográfico como elemento de entrada Death.
650 #7 - PUNTO DE ACCESO ADICIONAL DE MATERIA--TÉRMINO DE MATERIA
Término de materia o nombre geográfico como elemento de entrada Morte (costumes)
Fuente del encabezamiento o término larpcal
650 #7 - PUNTO DE ACCESO ADICIONAL DE MATERIA--TÉRMINO DE MATERIA
Término de materia o nombre geográfico como elemento de entrada Morte (medicina)
Fuente del encabezamiento o término larpcal
650 #7 - PUNTO DE ACCESO ADICIONAL DE MATERIA--TÉRMINO DE MATERIA
Término de materia o nombre geográfico como elemento de entrada Morte (psicologia)
Fuente del encabezamiento o término larpcal
938 ## -
-- Baker & Taylor
-- BKTY
-- 14.95
-- 11.21
-- 0679742441
-- 0002568653
-- active
938 ## -
-- YBP Library Services
-- YANK
-- 545523
938 ## -
-- Baker and Taylor
-- BTCP
-- bl 99756244
942 ## - ELEMENTOS DE ENTRADA SECUNDARIOS (KOHA)
Fuente del sistema de clasificación o colocación Clasificación de Library of Congress
Tipo de ítem Koha
946 ## - PROCESAMIENTO DE INFORMACIÓN LOCAL (OCLC)
a clperez
994 ## -
-- C0
-- DRFGD
Holdings
Estatus retirado Estado de pérdida Fuente del sistema de clasificación o colocación Estado de daño No para préstamo Colección Biblioteca de origen Biblioteca actual Ubicación en estantería Fecha de adquisición Código de barras Visto por última vez Copia número Tipo de ítem Koha
    Clasificación de Library of Congress     Automatización y Procesos Técnicos Biblioteca Juan Bosch Biblioteca Juan Bosch Automatización y Procesos Técnicos (1er. Piso) 11/04/2023 00000056603 17/02/2019 1